Verfassungsentwicklung: stabilität und dinamik im verfassungsrecht der Bundesrepublik Deutschland
שמור ב:
| מחבר ראשי: | |
|---|---|
| פורמט: | ספר |
| שפה: | גרמנית |
| יצא לאור: |
Baden-Baden
Nomos Verlagsgesellschaft
1982
|
| מהדורה: | 1a. ed |
| נושאים: | |
| תגים: |
הוספת תג
אין תגיות, היה/י הראשונ/ה לתייג את הרשומה!
|
MARC
| LEADER | 00000nam a2200000 a 4500 | ||
|---|---|---|---|
| 001 | UCI1236 | ||
| 003 | CL-VaPUC | ||
| 008 | 070622e19820000GW |||||||||||||||||ger|d | ||
| 082 | 0 | 4 | |a 320.943 |b BRY |2 21 |
| 100 | 0 | |a Bryde, Brun-Otto |e author |9 521610 | |
| 245 | 1 | 0 | |a Verfassungsentwicklung: stabilität und dinamik im verfassungsrecht der Bundesrepublik Deutschland |
| 250 | |a 1a. ed | ||
| 300 | |a 496 p | ||
| 942 | |c BK | ||
| 945 | |d 20070622 00:00:00 |a jtorresc | ||
| 260 | |a Baden-Baden |b Nomos Verlagsgesellschaft |c 1982 | ||
| 650 | 0 | |a Derecho político |9 257756 | |
| 650 | 0 | |a Instituciones políticas |9 255506 | |
| 650 | 7 | |a TEORIA POLITICA |2 CL-VaPUC |9 521611 | |
| 650 | 0 | |a Estado |9 255503 | |
| 650 | 7 | |a FORMAS DE ESTADO |2 CL-VaPUC |9 257793 | |
| 650 | 0 | |a Teoría de la constitución |9 257794 | |
| 650 | 0 | |a Poder político |9 255509 | |
| 650 | 7 | |a FUERZAS POLITICAS |2 CL-VaPUC |9 255510 | |
| 650 | 0 | |a Estado de derecho |9 257795 | |
| 650 | 0 | |a Jurisprudencia |9 255952 | |
| 651 | 0 | |a Alemania |9 255688 | |
| 583 | |a last modification |c 20070622 00:00:00 |k Rodrigo Vera | ||
| 999 | |c 326076 |d 326074 | ||
| 952 | |0 0 |1 0 |4 0 |6 320_943000000000000_BRY_1982 |7 0 |8 A |9 407763 |a BIBDER |b BIBDER |d 2019-11-22 |i 4353013 |o 320.943 BRY 1982 |p 4353013 |r 2023-01-25 |w 2019-11-22 |y BK |k DER | ||